|
|
|
|
| LEADER |
00000naa2a2200000 4500 |
| 001 |
187204 |
| 005 |
20231031173920.0 |
| 035 |
|
|
|a (RuTPU)RU\TPU\book\203129
|
| 035 |
|
|
|a RU\TPU\tpu\7099
|
| 090 |
|
|
|a 187204
|
| 100 |
|
|
|a 20101111d1919 k y0rusy50 ca
|
| 101 |
0 |
|
|a rus
|
| 102 |
|
|
|a RU
|
| 200 |
1 |
|
|a Связь между задачами Института исследования Сибири и делом создания химической промышленности в Сибири
|f В. И. Минаев
|
| 463 |
|
0 |
|0 (RuTPU)RU\TPU\book\165170
|t Труды съезда по организации Института Исследования Сибири
|f под ред. Б. П. Вейнберга
|v С. 67-69
|d 1919
|
| 610 |
1 |
|
|a химическая промышленность
|
| 610 |
1 |
|
|a труды учёных ТПУ
|
| 700 |
|
1 |
|a Минаев
|b В. И.
|c российский химик-органик
|c профессор Томского технологического института (1915-1925)
|c профессор Иваново-Вознесенского химико-технологического института (1930-1943)
|f 1877-1943
|g Василий Иванович
|2 stltpush
|3 (RuTPU)RU\TPU\pers\19082
|
| 801 |
|
0 |
|a RU
|b 63413507
|c 20011210
|g PSBO
|
| 801 |
|
2 |
|a RU
|b 63413507
|c 20120328
|g PSBO
|
| 942 |
|
|
|c BK
|